Lịch sử sự nghiệp thư viện Việt Nam trong tiến trình văn hóa dân tộc

Uloženo v:
Podrobná bibliografie
Hlavní autor: Dương, Bích Hồng
Médium: Kniha
Jazyk:Undetermined
Vydáno: Hà Nội Vụ Thư viện
Témata:
Tagy: Přidat tag
Žádné tagy, Buďte první, kdo otaguje tento záznam!
Thư viện lưu trữ: Trung tâm Học liệu Trường Đại học Cần Thơ
LEADER 00574nam a2200181Ia 4500
001 CTU_5168
008 210402s9999 xx 000 0 und d
082 |a 027.009 
082 |b H455 
100 |a Dương, Bích Hồng 
245 0 |a Lịch sử sự nghiệp thư viện Việt Nam trong tiến trình văn hóa dân tộc 
245 0 |c Dương Bích Hồng 
260 |a Hà Nội 
260 |b Vụ Thư viện 
650 |a Libraries 
650 |x History 
904 |i Minh 
980 |a Trung tâm Học liệu Trường Đại học Cần Thơ